La decadencia de occidente. Bosquejo de una morfología de la historia universal.

Guardado en:
Detalles Bibliográficos
Autor principal: Spengler, Oswald (autor)
Otros Autores: García Morente, Manuel (autor)
Formato: Libro
Lenguaje:español
Publicado: Madrid, España: Espasa-Calpe, 1958.
Edición:Décima edición.
Materias:
Etiquetas: Agregar Etiqueta
Sin Etiquetas, Sea el primero en etiquetar este registro!

MARC

LEADER 00000nam a2200000 a 4500
001 UCP4293
003 CL-VaPUC
005 20250313110308.0
008 990724e19580000SP |||||||||||||||||spa|d
999 |c 282295  |d 282293 
040 |c Pontificia Universidad Católica de Valparaíso 
082 0 4 |a 900.1 SPE 1958  |2 21 
100 0 |a Spengler, Oswald  |e autor  |9 319674 
245 1 3 |a La decadencia de occidente.  |b Bosquejo de una morfología de la historia universal.  
250 |a Décima edición.  
260 |a Madrid, España:  |b Espasa-Calpe,  |c 1958. 
300 |a 2 Tomos.  
500 |a c.4 Tomo I: Donación Familia Prof. Alejandro Guzmán Brito. c.3 Tomo II: Donación Familia Prof. Alejandro Guzmán Brito. 
583 |a last modification  |c 20121001 12:51:17  |k Rodrigo Vera 
650 0 |a Historia universal  |9 266877 
650 0 |a Historia antigua  |9 267521  |x Cultura árabe   |x Costumbres y tradiciones  
650 0 |a Filosofía política  |9 295215 
700 |a García Morente, Manuel  |e autor  |9 347175 
942 |c BK  |2 ddc  |n 0 
945 |d 19990724 00:00:00  |a lriquelm 
952 |0 0  |1 0  |4 0  |6 900_100000000000000_SPE_1958  |7 0  |8 A  |9 323931  |a BIBHIS  |b BIBHIS  |d 2019-11-20  |h v.1  |i 1366378  |l 1  |o 900.1 SPE 1958  |p 1366378  |r 2025-01-20  |s 2021-08-23  |w 2019-11-20  |y BK  |k HIS 
952 |0 0  |1 0  |4 0  |6 900_100000000000000_SPE_1958  |7 0  |8 A  |9 323932  |a BIBHIS  |b BIBHIS  |d 2019-11-20  |h v.1  |i 1366386  |o 900.1 SPE 1958  |p 1366386  |r 2025-01-20  |w 2019-11-20  |y BK  |k HIS 
952 |0 0  |1 0  |4 0  |6 900_100000000000000_SPE_1958  |7 0  |8 A  |9 323933  |a BIBHIS  |b BIBHIS  |d 2019-11-20  |h v.1  |i 1366394  |o 900.1 SPE 1958  |p 1366394  |r 2025-01-20  |w 2019-11-20  |y BK  |k HIS 
952 |0 0  |1 0  |4 0  |6 900_100000000000000_SPE_1958  |7 0  |8 A  |9 323934  |a BIBHIS  |b BIBHIS  |d 2019-11-20  |h v.2  |i 1366408  |o 900.1 SPE 1958  |p 1366408  |r 2025-01-20  |w 2019-11-20  |y BK  |k HIS 
952 |0 0  |1 0  |4 0  |6 900_100000000000000_SPE_1958  |7 0  |8 A  |9 323935  |a BIBHIS  |b BIBHIS  |d 2019-11-20  |h v.2  |i 1366416  |l 1  |o 900.1 SPE 1958  |p 1366416  |r 2025-01-20  |s 2021-08-23  |w 2019-11-20  |y BK  |k HIS